000 00315nam a2200121Ia 4500
008 230907s9999||||xx |||||||||||||| ||und||
082 _a891.43932
_bBAI
245 0 _aکوکھ جلی , Kokh jali /
260 _a7th Sky Publications,
_bLahore :
_c2014
300 _a168 p.
650 _aUrdu Literature
942 _cBK
999 _c599731
_d599731